[Event "17th Aeroflot Open-A 2019"]
[Site "Moscow"]
[Date "2019.02.22"]
[Round "3.30"]
[White "Tahbaz, Arash"]
[Black "Goganov, Aleksey"]
[Result "1/2-1/2"]
[WhiteElo "2484"]
[BlackElo "2612"]
[Annotator "ChessBase"]
[PlyCount "120"]
[EventDate "2019.02.19"]
[EventCountry "RUS"]
[SourceTitle "playchess.com"]
[Source "ChessBase"]
[SourceQuality "1"]
[TimeControl "40/5400+30:1800+30"]

1. e4 {[%emt 0:07:04]} e5 {[%emt 0:00:00]} 2. Nf3 {[%emt 0:00:05]} Nc6 {[%emt 0:00:00]} 3. Bb5 {[%emt 0:00:06]} Nf6 {[%emt 0:00:00]} 4. O-O {[%emt 0:00:05]} Nxe4 {[%emt 0:00:00]} 5. Re1 {[%emt 0:00:27]} Nd6 {[%emt 0:00:00]} 6. Nxe5 {[%emt 0:00:04]} Be7 {[%emt 0:00:01]} 7. Bf1 {[%emt 0:00:04]} Nxe5 {[%emt 0:00:09]} 8. Rxe5 {[%emt 0:00:05]} O-O {[%emt 0:00:08]} 9. d4 {[%emt 0:00:02]} Bf6 {[%emt 0:00:05]} 10. Re1 {[%emt 0:00:04]} Re8 {[%emt 0:00:19]} 11. c3 {[%emt 0:00:04]} Rxe1 {[%emt 0:00:24]} 12. Qxe1 {[%emt 0:00:02]} Ne8 {[%emt 0:00:10]} 13. d5 {[%emt 0:00:06]} d6 {[%emt 0:04:15]} 14. c4 {[%emt 0:02:39]} Qe7 {[%emt 0:04:37]} 15. Qxe7 {[%emt 0:02:28]} Bxe7 {[%emt 0:03:09]} 16. Nc3 {[%emt 0:00:13]} Bf6 {[%emt 0:02:02]} 17. Bd2 {[%emt 0:00:28]} c6 {[%emt 0:02:08]} 18. Re1 {[%emt 0:05:42]} Bd7 {[%emt 0:02:37]} 19. dxc6 {[%emt 0:05:13]} bxc6 {[%emt 0:01:36]} 20. b3 {[%emt 0:03:46]} Kf8 {[%emt 0:04:27]} 21. g3 {[%emt 0:10:03]} Bd4 {[%emt 0:04:26]} 22. Bg2 {[%emt 0:03:30]} Rc8 {[%emt 0:00:59]} 23. Na4 {[%emt 0:14:41]} h6 {[%emt 0:09:45]} 24. Rd1 {[%emt 0:07:05]} Bg4 {[%emt 0:02:02]} 25. Re1 {[%emt 0:01:23]} Bd7 {[%emt 0:00:45]} 26. h3 {[%emt 0:00:41]} c5 {[%emt 0:09:33]} 27. Nc3 {[%emt 0:00:15]} Bxc3 {[%emt 0:00:04]} 28. Bxc3 {[%emt 0:00:05]} Bc6 {[%emt 0:00:07]} 29. Bxc6 {[%emt 0:13:17]} Rxc6 {[%emt 0:00:05]} 30. f4 {[%emt 0:01:15]} Nc7 {[%emt 0:04:53]} 31. f5 {[%emt 0:01:46]} d5 {[%emt 0:01:32]} 32. Be5 {[%emt 0:00:32]} dxc4 {[%emt 0:00:25]} 33. bxc4 {[%emt 0:00:15]} f6 {[%emt 0:01:39]} 34. Bf4 {[%emt 0:01:17]} Na8 {[%emt 0:02:41]} 35. Bb8 {[%emt 0:06:01]} Nb6 {[%emt 0:03:00]} 36. Bxa7 {[%emt 0:09:08]} Nxc4 {[%emt 0:00:30]} 37. Rc1 {[%emt 0:01:56]} Rc7 {[%emt 0:00:15]} 38. Bb8 {[%emt 0:00:24]} Rb7 {[%emt 0:00:21]} 39. Bf4 {[%emt 0:01:24]} Rb4 {[%emt 0:00:26]} 40. Kf2 {[%emt 0:00:00]} Ra4 {[%emt 0:00:00]} 41. Rc2 {[%emt 0:04:26]} Ke7 {[%emt 0:02:04]} 42. Ke2 {[%emt 0:04:19]} Nd6 {[%emt 0:02:23]} 43. Rxc5 {[%emt 0:02:08]} Rxa2+ {[%emt 0:00:05]} 44. Kf3 {[%emt 0:00:04]} Ne8 {[%emt 0:02:21]} 45. Rb5 {[%emt 0:00:36]} Ra7 {[%emt 0:00:21]} 46. Rd5 {[%emt 0:08:55]} h5 {[%emt 0:01:53]} 47. Be3 {[%emt 0:01:30]} Rb7 {[%emt 0:01:59]} 48. Bc5+ {[%emt 0:00:52]} Kf7 {[%emt 0:00:05]} 49. Rd8 {[%emt 0:01:53]} Rc7 {[%emt 0:00:22]} 50. Bb4 {[%emt 0:00:03]} Rb7 {[%emt 0:00:22]} 51. Bc5 {[%emt 0:00:11]} Rc7 {[%emt 0:00:04]} 52. Be3 {[%emt 0:00:45]} Re7 {[%emt 0:00:21]} 53. g4 {[%emt 0:01:55]} hxg4+ {[%emt 0:00:44]} 54. hxg4 {[%emt 0:00:01]} g6 {[%emt 0:00:48]} 55. Bc5 {[%emt 0:00:02]} Rc7 {[%emt 0:00:56]} 56. Bb4 {[%emt 0:01:15]} gxf5 {[%emt 0:00:10]} 57. gxf5 {[%emt 0:00:02]} Rb7 {[%emt 0:00:15]} 58. Bc5 {[%emt 0:00:15]} Rc7 {[%emt 0:00:32]} 59. Rd5 {[%emt 0:00:23]} Rb7 {[%emt 0:01:05]} 60. Bd4 {[%emt 0:01:21]} Re7 {[%emt 0:00:31] Ke4} 1/2-1/2

[Event "17th Aeroflot Open-A 2019"]
[Site "Moscow"]
[Date "2019.02.22"]
[Round "3.31"]
[White "Flom, Gabriel"]
[Black "Gordievsky, Dmitry"]
[Result "1/2-1/2"]
[WhiteElo "2460"]
[BlackElo "2603"]
[Annotator "ChessBase"]
[PlyCount "102"]
[EventDate "2019.02.19"]
[EventCountry "RUS"]
[SourceTitle "playchess.com"]
[Source "ChessBase"]
[SourceQuality "1"]
[TimeControl "40/5400+30:1800+30"]

1. d4 {[%emt 0:00:00]} d6 {[%emt 0:00:00]} 2. e4 {[%emt 0:00:25]} Nf6 {[%emt 0:02:15]} 3. Nc3 {[%emt 0:00:05]} c6 {[%emt 0:02:45]} 4. Nf3 {[%emt 0:05:16]} g6 {[%emt 0:11:40]} 5. Be3 {[%emt 0:00:12]} Bg7 {[%emt 0:01:28]} 6. Qd2 {[%emt 0:00:10]} b5 {[%emt 0:05:54]} 7. Bd3 {[%emt 0:00:16]} O-O {[%emt 0:07:59]} 8. Bh6 {[%emt 0:05:04]} Bg4 {[%emt 0:06:04]} 9. Nh4 {[%emt 0:10:59]} e5 {[%emt 0:06:45]} 10. dxe5 {[%emt 0:01:37]} dxe5 {[%emt 0:00:24]} 11. h3 {[%emt 0:05:30]} Be6 {[%emt 0:04:31]} 12. Nf3 {[%emt 0:05:35]} Nbd7 {[%emt 0:01:01]} 13. Ne2 {[%emt 0:01:55]} c5 {[%emt 0:03:52]} 14. Ng3 {[%emt 0:00:21]} c4 {[%emt 0:04:15]} 15. Bxg7 {[%emt 0:00:33]} Kxg7 {[%emt 0:00:10]} 16. Be2 {[%emt 0:00:04]} Qe7 {[%emt 0:10:33]} 17. O-O {[%emt 0:01:20]} Rfc8 {[%emt 0:02:24]} 18. Rad1 {[%emt 0:11:00]} h6 {[%emt 0:02:29]} 19. Nh4 {[%emt 0:06:15]} Nxe4 {[%emt 0:12:57]} 20. Nxe4 {[%emt 0:05:02]} Qxh4 {[%emt 0:00:05]} 21. f4 {[%emt 0:00:04]} Rd8 {[%emt 0:01:32]} 22. Qc3 {[%emt 0:01:14]} Qe7 {[%emt 0:09:18]} 23. fxe5 {[%emt 0:02:29]} Rab8 {[%emt 0:01:07]} 24. Rd6 {[%emt 0:09:11]} Nf8 {[%emt 0:00:11]} 25. Rfd1 {[%emt 0:01:42]} Rdc8 {[%emt 0:00:11]} 26. Nf6 {[%emt 0:04:27]} Qc7 {[%emt 0:01:03]} 27. Bg4 {[%emt 0:03:20]} Qc5+ {[%emt 0:00:09]} 28. Kh2 {[%emt 0:00:09]} b4 {[%emt 0:00:12]} 29. Qg3 {[%emt 0:00:20]} Bxg4 {[%emt 0:00:19]} 30. R1d5 {[%emt 0:01:09]} Qc7 {[%emt 0:00:02]} 31. Qxg4 {[%emt 0:01:56]} b3 {[%emt 0:01:39]} 32. Qf4 {[%emt 0:06:19]} Qe7 {[%emt 0:01:59]} 33. cxb3 {[%emt 0:03:30]} cxb3 {[%emt 0:00:03]} 34. axb3 {[%emt 0:05:29]} Rxb3 {[%emt 0:00:01]} 35. Qh4 {[%emt 0:00:09]} Rb7 {[%emt 0:00:38]} 36. b4 {[%emt 0:02:30]} Rcb8 {[%emt 0:00:36]} 37. b5 {[%emt 0:00:20]} Rc8 {[%emt 0:00:42]} 38. Qg4 {[%emt 0:01:11]} Rbc7 {[%emt 0:00:14]} 39. Nh5+ {[%emt 0:01:29]} Kh8 {[%emt 0:00:27]} 40. Nf6 {[%emt 0:00:00]} Kg7 {[%emt 0:00:00]} 41. h4 {[%emt 0:06:09]} Rc5 {[%emt 0:03:38]} 42. Qf4 {[%emt 0:06:35]} Ne6 {[%emt 0:10:13]} 43. Qg3 {[%emt 0:03:17]} Rc3 {[%emt 0:00:43]} 44. Rd7 {[%emt 0:06:23]} Qxd7 {[%emt 0:06:03]} 45. Rxd7 {[%emt 0:00:04]} Rxg3 {[%emt 0:00:06]} 46. Kxg3 {[%emt 0:00:01]} Rb8 {[%emt 0:01:55]} 47. Rxa7 {[%emt 0:02:33]} Rxb5 {[%emt 0:00:06]} 48. Ne8+ {[%emt 0:00:12]} Kf8 {[%emt 0:03:11]} 49. Nd6 {[%emt 0:00:04]} Rxe5 {[%emt 0:00:46]} 50. Rxf7+ {[%emt 0:00:50]} Kg8 {[%emt 0:00:04]} 51. Rf6 {[%emt 0:01:16]} Nf8 {[%emt 0:02:10]} 1/2-1/2

[Event "17th Aeroflot Open-A 2019"]
[Site "Moscow"]
[Date "2019.02.22"]
[Round "3.32"]
[White "Svane, Rasmus"]
[Black "Warmerdam, Max"]
[Result "1-0"]
[WhiteElo "2599"]
[BlackElo "2450"]
[Annotator "TA"]
[PlyCount "63"]
[EventDate "2019.02.19"]
[EventCountry "RUS"]
[SourceTitle "playchess.com"]
[Source "ChessBase"]
[SourceQuality "1"]

{[%evp 9,63,3,20,0,0,0,3,0,0,0,45,49,44,31,56,44,50,52,80,85,101,69,96,95,101,75,105,96,100,105,150,156,147,156,151,150,158,159,260,275,264,265,271,266,293,292,358,362,379,361,383,321,414,420,388,268]} 1. d4 d5 2. c4 c6 3. Nc3 dxc4 4. e4 b5 {[%cal Bb7b5,Bb5b4,Bb4b3][%mdl 32]} 5. a4 b4 6. Nb1 {D10: Slav Defence: 3 cxd5 (without early Nf3) and 3 Nc3} (6. Na2 Nf6 7. e5 Nd5 8. Bxc4 e6 9. Nf3 a5 10. Ng5 Ba6 11. Qh5 Qd7 12. b3 h6 13. O-O Bxc4 14. bxc4 Nb6 15. c5 Nxa4 16. Be3 b3 17. Ne4 bxa2 {½-½ (37) Shirov,A (2691)-Vitiugov,N (2739) Sochi 2015}) 6... Ba6 7. Qc2 Nf6 8. Nd2 {The position is equal.} Qxd4 9. Ngf3 b3 {...Qxf2+! is the strong threat.} 10. Nxd4 bxc2 11. f3 $36 {[%mdl 2048] [#] White has good play.} c3 $1 12. bxc3 Bxf1 13. Rxf1 e5 14. Nxc2 {[#]} Na6 $146 15. Nc4 Nd7 $1 16. Be3 Bc5 17. Bxc5 Naxc5 18. Nb4 Nb6 19. Nd6+ Kd7 20. O-O-O {Hoping for Nb7+.} ({But not} 20. Nxf7 Rhe8 $16) 20... Kc7 21. Nxf7 {[%mdl 64] Black must now prevent Rd6. Double Attack} a5 22. Nxh8 {Strongly threatening Nf7.} axb4 23. cxb4 {[%cal Bc3b4,Bb4c5][%mdl 32]} Nb3+ (23... Ncxa4 $16 24. Nf7 Nc4) 24. Kc2 $18 Nd4+ {[#]} 25. Rxd4 $1 exd4 {[%mdl 4096] Endgame KRN-KRN} 26. Nf7 c5 27. bxc5 Nd7 28. Kd3 Rxa4 29. Rc1 Ra2 30. g4 Ra3+ 31. Kxd4 Rxf3 32. Ne5 {Accuracy: White = 90%, Black = 55%.} 1-0

[Event "17th Aeroflot Open-A 2019"]
[Site "Moscow"]
[Date "2019.02.22"]
[Round "3.33"]
[White "Chen, Qi b"]
[Black "Petrosian, Tigran L."]
[Result "0-1"]
[WhiteElo "2443"]
[BlackElo "2595"]
[Annotator "TA"]
[PlyCount "236"]
[EventDate "2019.02.19"]
[EventCountry "RUS"]
[SourceTitle "playchess.com"]
[Source "ChessBase"]
[SourceQuality "1"]

{[%evp 17,235,0,0,0,2,0,0,0,0,-29,-31,-50,-57,-75,-83,-77,-89,-72,-75,-76,-76,-192,-193,-183,-179,-247,-189,-172,-157,-160,-156,-175,-161,-217,-202,-290,-175,-294,-120,-122,-134,-127,-121,-125,-128,-160,-82,-81,-78,-114,-101,-106,-106,-120,-116,-95,-90,-90,-73,-65,-72,-68,-68,-88,-70,-114,-68,-66,-66,-66,-66,-66,-66,-66,-66,-66,-66,-64,-49,-66,-56,-58,-50,-52,-42,-63,-33,-43,-42,-47,-47,-51,-53,-53,-51,-87,-42,-34,-35,-43,-8,-8,-8,-8,-8,-8,-8,-8,-8,-8,-8,-8,-8,-8,-8,-8,-8,-8,-8,-8,-8,-8,-8,-69,-8,-8,-8,-8,-8,-8,0,-8,-8,-8,-8,-8,-7,-7,-7,-8,-8,-8,-7,-7,-7,-8,-8,-69,-8,-69,-8,-8,-8,-8,-8,-8,-8,-8,-8,-8,-8,-8,-8,-8,-8,-8,-8,-8,-8,-8,-8,-8,-8,-8,-8,-8,-8,-8,-8,-8,-8,-8,-8,-8,-8,-8,-8,-8,-8,-8,-8,-8,-8,-8,-8,-8,-8,-8,-8,-8,-8,-8,-8,-8,-8,-8,-8,-8,-8,-8,-8,-8,-8,-29986,-29987,-29993,-8,-29994,-29995,-29999]} 1. e4 c5 2. Nf3 e6 3. g3 Nc6 4. Bg2 Nf6 5. d3 d5 6. Nbd2 Be7 7. O-O O-O 8. Re1 b5 9. a4 b4 10. exd5 {C00: French: Unusual White 2nd moves} exd5 (10... Nxd5 11. Nc4 Bb7 12. Bd2 Rc8 13. h4 h6 14. Kh2 Bf6 15. Re2 Nb6 16. Nxb6 Qxb6 17. Rb1 Ne7 {0-1 (42) Miroshnichenko,E (2606)-Sevian,S (2641) Saint Louis 2018}) 11. Nb3 Be6 12. Be3 {The position is equal.} Nd7 13. h4 $146 ({Predecessor:} 13. Nfd2 Rc8 14. f4 c4 15. Nd4 Nxd4 16. Bxd4 cxd3 17. cxd3 Bf6 18. Bxf6 Qxf6 {½-½ (37) Ansell,S (2360)-McPhillips,J (2368) Leeds 2015}) 13... h6 14. Nh2 Rc8 15. f4 c4 16. Nd4 Nxd4 17. Bxd4 cxd3 18. Qxd3 Nc5 19. Bxc5 (19. Qe3 $17 Ne4 20. Rad1 (20. Bxe4 dxe4 21. Rad1 Qc7 $15)) 19... Bxc5+ $19 20. Kh1 Qf6 21. Rad1 (21. c3 $142) 21... Bf5 $36 {[%mdl 2048] Black is on the roll.} 22. Qb3 Bb6 23. Re2 Rfe8 24. Rxe8+ Rxe8 25. a5 (25. Qxb4 {was called for.} Bf2 26. Qb5) 25... Bf2 26. Qf3 (26. Nf1 {keeps fighting.}) 26... Be1 (26... Bxc2 27. Ng4 $15) 27. Ng4 (27. c3 {might work better.}) 27... Qg6 (27... Qxb2 $19 {is more deadly.} 28. Ne3 Be4) 28. Ne5 $17 Qxg3 29. Qxg3 Bxg3 30. Bxd5 Kf8 $1 ({Of course not} 30... Bxc2 $6 31. Bxf7+ Kh8 32. Rd4 $11) 31. Nd3 Be4+ (31... Re2 $142 32. Nxb4 Bxf4) 32. Bxe4 Rxe4 {[%mdl 4096] Endgame KRB-KRN} 33. Kg2 Bxh4 ({Weaker is} 33... Bxf4 34. Kf3 $16) 34. Kf3 Rd4 35. Ke3 Bf6 36. Ra1 Rc4 37. Ra4 Be7 38. c3 {[%cal Rc3b4]} h5 39. cxb4 h4 40. b3 Rc3 41. b5 h3 42. b6 h2 $1 {[%cal Rh2h1]} ({Not} 42... Rxb3 43. Rc4 $18) 43. Ra1 Rxb3 44. Rh1 $1 axb6 45. Rxh2 {[%cal Rh2h8]} Bd8 46. axb6 Bxb6+ 47. Ke2 Bd4 48. Rh8+ Ke7 49. Rc8 Ra3 50. Rc4 Bb6 51. Rb4 Ba7 52. Rb7+ Ke6 53. Ne5 f6 54. Nc4 Ra2+ 55. Kf3 g6 56. Rb2 Ra4 57. Re2+ Kd7 58. Rd2+ Kc6 59. Rd6+ Kc5 60. Rxf6 Rxc4 (60... Kxc4 $2 61. Rxg6 Kd5 62. Rh6 $19) 61. Rxg6 $11 {KRB-KR} Bb8 62. Rf6 Kd5 {White must now prevent ...Rc1.} 63. Kg4 Bd6 64. Rf5+ Ke6 65. Kg5 Rc1 (65... Rc8 {keeps more tension.} 66. Rf6+ Kd7 67. Kg6 Rg8+ 68. Kf7 Rf8+) 66. Rf6+ Kd5 67. Rg6 Rf1 68. f5 Bf4+ 69. Kf6 $1 Be5+ 70. Ke7 ({White should try} 70. Kg5 $11 Ke4 71. Kh5) 70... Ra1 (70... Rxf5 $15 71. Ra6 Rf4 72. Ra5+ Ke4 73. Ra4+ Bd4) 71. f6 Ra7+ 72. Ke8 Ra8+ 73. Ke7 Ra7+ 74. Ke8 Bc3 75. f7 Bb4 76. Rg5+ Kc6 {[%cal Ra7a8]} 77. Rg6+ Kc7 {[%cal Ra7a8]} 78. f8=R {Intending Rf7+ and mate.} (78. f8=Q {is interesting.} Ra8+ 79. Kf7 Bxf8 80. Rg8 Kc6 81. Ke6) 78... Ra8+ 79. Kf7 Rxf8+ {KRB-KR} 80. Ke6 Kc6 81. Rg1 Bc3 82. Rc1 (82. Rd1 $11 Rf6+ 83. Ke7) 82... Rf3 (82... Rf6+ $1 $15 83. Ke7 Rf3) 83. Rc2 ({Better is} 83. Rd1 $1 $11 Rf6+ 84. Ke7) 83... Re3+ ({Black should play} 83... Kc5 $1 $15 84. Rc1 Kc4) 84. Kf5 Kd5 85. Ra2 Rf3+ 86. Kg4 Rf8 87. Ra4 Ke5 88. Ra3 Bd4 89. Ra5+ Ke4 90. Ra4 Rg8+ 91. Kh4 Ke5 92. Rb4 Be3 {Hoping for ...Kf5.} (92... Bg1 {is more complex.} 93. Rb5+ Ke4 94. Kh3 Kf3 95. Rf5+ Ke2) 93. Rg4 Ra8 94. Kg3 Ra3 95. Kg2 Bf4 (95... Kd5 {seems wilder.} 96. Rg8 Bf4 97. Rd8+ Bd6 98. Re8 Ra2+) 96. Rg8 Ke4 97. Re8+ Be5 98. Re7 Ra8 99. Kf2 Ra6 {...Ra2+ is the strong threat.} 100. Re8 Rh6 101. Re7 Rh8 {And now ...Rh2+ would win.} 102. Ke2 Rh2+ 103. Ke1 Kd4 104. Re8 (104. Kf1 {with more complications.} Bf4 105. Re1 Bd2 106. Re7 Be3 107. Rg7) 104... Bg3+ 105. Kf1 Kd3 106. Re7 Bf4 {Strongly threatening ...Rb2.} 107. Kg1 Ra2 {aiming for ...Be3+.} 108. Re8 Be3+ 109. Kh1 $1 Rf2 110. Rg8 Ke4 {Threatens to win with ...Kf3.} 111. Rg2 Rf8 112. Kh2 Kf3 {[%cal Rf8h8]} 113. Rg3+ Kf2 114. Rg2+ Kf1 {( -> ...Rh8+)} 115. Rg7 $2 {[%mdl 8192] [#]} (115. Rg6 $11 Rf3 116. Rg4 Bf4+ 117. Rxf4 Rxf4 118. Kg3 Rf2 119. Kg4 Kg2 120. Kh5 Kg3 121. Kh6 Kg4 122. Kg6 Rf3 123. Kh7 Kh5 124. Kg7 Kg5 125. Kh8 Kg6 126. Kg8 Kh6 127. Kh8 Rf8#) 115... Rf3 $1 116. Rh7 Bf4+ 117. Kh1 {[#]} Rg3 $1 {[%csl Gf1][%cal Rg3g1]} 118. Rg7 Rh3# {Accuracy: White = 64%, Black = 70%.} 0-1

[Event "17th Aeroflot Open-A 2019"]
[Site "Moscow"]
[Date "2019.02.22"]
[Round "3.34"]
[White "Yakubboev, Nodirbek"]
[Black "Murzin, Volodar"]
[Result "1/2-1/2"]
[WhiteElo "2569"]
[BlackElo "2337"]
[Annotator "TA"]
[PlyCount "127"]
[EventDate "2019.02.19"]
[EventCountry "RUS"]
[SourceTitle "playchess.com"]
[Source "ChessBase"]
[SourceQuality "1"]

{[%evp 16,127,45,47,100,68,56,51,62,56,72,17,101,45,105,106,103,95,109,106,103,56,96,96,101,101,103,112,120,116,124,87,107,87,95,75,102,104,97,89,110,67,64,62,78,79,75,79,79,80,84,15,18,0,0,-79,-79,-63,-63,-94,-70,-252,-215,-235,-245,-231,-221,-521,-521,-521,-514,-513,-504,-657,-489,-596,-581,-1456,-1398,-29962,-29955,-29956,-29943,-29977,-29978,-6877,-5097,-5085,-5085,-4132,-743,-718,-676,-396,-220,-209,-198,-147,-33,-33,-33,-33,-33,-33,0,-33,0,-33,0,-33,-33,-33,-33,-33]} 1. d4 d5 2. c4 c6 3. Nf3 Nf6 4. e3 a6 5. Nbd2 e6 6. b3 Bd6 7. Bd3 O-O 8. O-O Nbd7 9. Bb2 Qe7 {D30: Queen's Gambit Declined: Systems without Nc3} (9... Be7 $14) 10. e4 dxe4 11. Nxe4 Nxe4 {White is slightly better.} 12. Bxe4 Nf6 13. Re1 $146 (13. Bc2 $16) ({Predecessor:} 13. Bc2 Ba3 14. Bxa3 Qxa3 15. c5 {1-0 (31) Santiago,Y (2450)-Cavalcanti,F (2294) Joao Pessoa 2013}) 13... Ba3 (13... Nxe4 $11 14. Rxe4 f6) 14. Bc3 (14. Bxa3 $16 Qxa3 15. Qd2) 14... Bb4 ({Black should play} 14... Nxe4 $14 15. Rxe4 Bd6) 15. Bxb4 $16 Qxb4 16. c5 Rd8 17. a3 Qa5 18. Qc2 Bd7 19. Ne5 Be8 20. Nc4 Qc7 21. Rad1 h6 22. b4 Rab8 23. a4 Rd7 24. g3 Rbd8 25. Qc3 Re7 26. Bg2 Red7 27. Rd3 Re7 28. Nb6 Nd5 29. Bxd5 cxd5 30. Rde3 Qc6 31. f4 f6 32. Qd3 Bf7 33. f5 (33. a5 $16) 33... e5 $1 $11 34. dxe5 fxe5 35. Rxe5 (35. Nc4 $1 $11 Qxa4 36. Nxe5) 35... Rxe5 $17 36. Rxe5 a5 $1 {[%cal Ba6a5,Ba5b4][%mdl 32]} 37. Qd4 {[#]} axb4 $1 38. Re1 $2 ({Reject} 38. Qxb4 d4 $17) (38. Re3 $1 $15) 38... Re8 39. Kf2 b3 40. Rxe8+ Qxe8 41. Qb4 $2 (41. a5) 41... Qe4 $19 42. Qxb3 d4 43. Qf3 Qc2+ {[%mdl 64] [#] Double Attack} 44. Ke1 {White hopes to continue with Nd7.} Qc1+ 45. Ke2 Qxc5 46. Qxb7 {Threatens to win with Qc8+.} Bh5+ 47. Kf1 Qxf5+ 48. Kg2 Kh7 49. h4 Qc2+ 50. Kh3 Be2 51. g4 Qd3+ 52. Kh2 Bxg4 (52... Bf3 $142 53. Qf7 Qe2+ 54. Kg3 Qe1+ 55. Kxf3 Qf1+ 56. Ke4 Qxf7) 53. Qg2 h5 54. a5 {Now a6 and White clings on.} Qb5 (54... Bf5 $142 {Hoping for ...Be4.} 55. Nd5 Be4) 55. Qe4+ Bf5 56. Qxd4 Qxa5 (56... Qe2+ $17 57. Kg3 Be4) 57. Nc4 $15 Qe1 {And now ...Be4 would win.} 58. Nd2 Qe2+ 59. Kg3 Qe1+ 60. Kh2 Qe2+ 61. Kg3 $1 Qe1+ 62. Kh2 Bg4 63. Qe4+ Qxe4 64. Nxe4 {Accuracy: White = 43%, Black = 52%.} 1/2-1/2

[Event "17th Aeroflot Open-A 2019"]
[Site "Moscow"]
[Date "2019.02.22"]
[Round "3.35"]
[White "Zhu, Jiner"]
[Black "Petrosyan, Manuel"]
[Result "0-1"]
[WhiteElo "2442"]
[BlackElo "2564"]
[Annotator "RC"]
[PlyCount "96"]
[EventDate "2019.02.19"]
[EventCountry "RUS"]
[SourceTitle "playchess.com"]
[Source "ChessBase"]
[SourceQuality "1"]
[TimeControl "40/5400+30:1800+30"]

1. e4 {[%emt 0:00:00]} c6 {[%emt 0:03:50]} 2. d4 {[%emt 0:00:00]} d5 {[%emt 0:00:05]} 3. e5 {[%emt 0:00:00]} Bf5 {[%emt 0:00:03]} 4. h4 {[%emt 0:00:00]} h5 {[%emt 0:00:12]} 5. Bd3 {[%emt 0:00:06]} Bxd3 {[%emt 0:00:06]} 6. Qxd3 {[%emt 0:00:04]} e6 {[%emt 0:00:04]} 7. Bg5 {[%emt 0:00:06]} Be7 {[%emt 0:00:05]} 8. Nf3 {[%emt 0:00:06]} Nh6 {[%emt 0:00:25]} 9. Bxh6 {[%emt 0:00:36]} Rxh6 {[%emt 0:00:05]} 10. Nbd2 {[%emt 0:00:14]} Nd7 {[%emt 0:00:26]} 11. c4 {[%emt 0:01:34]} dxc4 {[%emt 0:01:10]} 12. Nxc4 {[%emt 0:02:21]} Nb6 {[%emt 0:00:09]} 13. a3 {[%emt 0:16:34]} Rg6 {[%emt 0:06:27]} 14. Ne3 {[%emt 0:09:14]} Nd5 {[%emt 0:03:07]} 15. g3 {[%emt 0:00:11]} Nxe3 {[%emt 0:01:36]} 16. Qxe3 {[%emt 0:00:05]} Rg4 {[%emt 0:01:24]} 17. O-O-O {[%emt 0:02:24]} Qd5 {[%emt 0:07:42]} 18. Ng5 {[%emt 0:16:25]} c5 {[%emt 0:10:20]} 19. dxc5 {[%emt 0:03:04]} Bxc5 {[%emt 0:00:52]} 20. Qe2 {[%emt 0:04:11]} Qc4+ {[%emt 0:10:23]} 21. Qxc4 {[%emt 0:00:10]} Rxc4+ {[%emt 0:00:04]} 22. Kb1 {[%emt 0:00:04]} Be7 {[%emt 0:12:58]} 23. f3 {[%emt 0:04:08]} Rc5 {[%emt 0:03:33]} 24. f4 {[%emt 0:00:48]} Rc4 {[%emt 0:02:13]} 25. Rc1 {[%emt 0:03:17]} Rac8 {[%emt 0:00:46]} 26. Ne4 {[%emt 0:03:10]} f6 {[%emt 0:08:08]} 27. exf6 {[%emt 0:04:49]} gxf6 {[%emt 0:03:22]} 28. Nd2 {[%emt 0:03:12]} Rxc1+ {[%emt 0:05:54]} 29. Rxc1 {[%emt 0:00:23]} Rxc1+ {[%emt 0:02:47]} 30. Kxc1 {[%emt 0:00:06]} f5 {[%emt 0:01:10]} 31. Kd1 {[%emt 0:07:12]} Bc5 {[%emt 0:01:54]} 32. Ke2 {[%emt 0:00:39]} b5 {[%emt 0:02:26]} 33. Nb3 {[%emt 0:08:26]} Bb6 {[%emt 0:00:04]} 34. Kd3 {[%emt 0:01:54]} Kd7 {[%emt 0:01:37]} 35. Nd4 {[%emt 0:01:30]} a6 {[%emt 0:00:05]} 36. b3 {[%emt 0:00:43]} Kd6 {[%emt 0:00:57]} 37. Ne2 {[%emt 0:00:56]} Bf2 {[%emt 0:01:28]} 38. Kc3 {[%emt 0:05:20]} Bc5 {[%emt 0:00:37]} 39. a4 {[%emt 0:03:29]} bxa4 {[%emt 0:00:55]} 40. bxa4 {[%emt 0:00:00]} Kd5 {[%emt 0:00:00]} 41. Kd3 {[%emt 0:07:57]} Bf2 {[%emt 0:01:15]} 42. Nc3+ {[%emt 0:00:10]} Kc6 {[%emt 0:01:41]} 43. Ne2 {[%emt 0:01:39]} Kc5 {[%emt 0:01:08]} 44. a5 {[%emt 0:01:36]} Be1 {[%emt 0:01:58]} 45. Ke3 {[%emt 0:03:50]} Kd5 {[%emt 0:03:12]} 46. Nd4 {[%emt 0:00:36]} Bxa5 {[%emt 0:00:53]} 47. Nf3 {[%emt 0:00:19]} Bb6+ {[%emt 0:00:16]} 48. Kd3 {[%emt 0:00:14]} Bf2 {[%emt 0:00:19]} 0-1

[Event "17th Aeroflot Open-A 2019"]
[Site "Moscow"]
[Date "2019.02.22"]
[Round "3.36"]
[White "Jumabayev, Rinat"]
[Black "Arjun Kalyan"]
[Result "1-0"]
[WhiteElo "2604"]
[BlackElo "2444"]
[Annotator "ChessBase"]
[PlyCount "87"]
[EventDate "2019.02.19"]
[EventCountry "RUS"]
[SourceTitle "playchess.com"]
[Source "ChessBase"]
[SourceQuality "1"]
[TimeControl "40/5400+30:1800+30"]

1. c4 {[%emt 0:04:48]} c6 {[%emt 0:00:00]} 2. g3 {[%emt 0:01:03]} d5 {[%emt 0:00:00]} 3. Bg2 {[%emt 0:00:04]} Nf6 {[%emt 0:01:32]} 4. Nf3 {[%emt 0:00:05]} Bg4 {[%emt 0:00:43]} 5. cxd5 {[%emt 0:00:27]} Bxf3 {[%emt 0:01:33]} 6. Bxf3 {[%emt 0:00:04]} cxd5 {[%emt 0:00:04]} 7. O-O {[%emt 0:00:30]} e6 {[%emt 0:00:06]} 8. d4 {[%emt 0:00:29]} Nc6 {[%emt 0:00:18]} 9. Nc3 {[%emt 0:00:08]} Be7 {[%emt 0:00:55]} 10. e3 {[%emt 0:00:12]} O-O {[%emt 0:01:17]} 11. Qe2 {[%emt 0:00:14]} Rc8 {[%emt 0:02:43]} 12. Bd2 {[%emt 0:01:37]} Na5 {[%emt 0:02:55]} 13. Rfc1 {[%emt 0:03:19]} Nc4 {[%emt 0:00:10]} 14. Be1 {[%emt 0:00:04]} Nd6 {[%emt 0:02:22]} 15. a4 {[%emt 0:09:54]} Qd7 {[%emt 0:04:37]} 16. a5 {[%emt 0:04:07]} Rc7 {[%emt 0:03:01]} 17. a6 {[%emt 0:00:40]} Rfc8 {[%emt 0:10:23]} 18. Na2 {[%emt 0:10:31]} Rxc1 {[%emt 0:12:59]} 19. Nxc1 {[%emt 0:00:05]} b6 {[%emt 0:07:09]} 20. Nd3 {[%emt 0:00:26]} Qc7 {[%emt 0:07:17]} 21. Qd1 {[%emt 0:05:02]} Nd7 {[%emt 0:03:50]} 22. Be2 {[%emt 0:04:53]} Qc2 {[%emt 0:07:46]} 23. Qxc2 {[%emt 0:01:10]} Rxc2 {[%emt 0:01:28]} 24. Kf1 {[%emt 0:00:07]} Rc7 {[%emt 0:00:31]} 25. g4 {[%emt 0:00:44]} Kf8 {[%emt 0:01:23]} 26. Bd1 {[%emt 0:00:17]} Ke8 {[%emt 0:05:22]} 27. f3 {[%emt 0:01:17]} Nc4 {[%emt 0:06:19]} 28. Ke2 {[%emt 0:00:02]} Rc8 {[%emt 0:03:30]} 29. h4 {[%emt 0:03:32]} Nb8 {[%emt 0:02:38]} 30. g5 {[%emt 0:03:28]} f6 {[%emt 0:03:53]} 31. gxf6 {[%emt 0:06:56]} gxf6 {[%emt 0:00:02]} 32. e4 {[%emt 0:05:05]} Nc6 {[%emt 0:03:33]} 33. Ba4 {[%emt 0:01:48]} Kf7 {[%emt 0:00:22]} 34. Bc3 {[%emt 0:00:19]} Bd6 {[%emt 0:02:56]} 35. Bb5 {[%emt 0:03:04]} Ne7 {[%emt 0:01:04]} 36. h5 {[%emt 0:05:12]} Rg8 {[%emt 0:01:16]} 37. Be1 {[%emt 0:02:02]} Rg2+ {[%emt 0:00:39]} 38. Bf2 {[%emt 0:00:09]} Na5 {[%emt 0:00:13]} 39. e5 {[%emt 0:09:48]} Bb8 {[%emt 0:00:13]} 40. Ra3 {[%emt 0:00:00]} fxe5 {[%emt 0:00:00]} 41. Nxe5+ {[%emt 0:09:04]} Bxe5 {[%emt 0:08:32]} 42. dxe5 {[%emt 0:00:10]} Nc4 {[%emt 0:00:09]} 43. Rc3 {[%emt 0:04:25]} Rg8 {[%emt 0:05:42]} 44. b3 {[%emt 0:03:20]} 1-0